000 00497nam a2200181Ia 4500
005 20250326124004.0
008 250326s9999 xx 000 0 und d
037 _aTextbook
040 _aFMSL
_beng
_cFMSL
041 _aeng
_2eng
084 _aX J9
_qFMSL
100 _aAllen C L
_9736559
245 0 _aPrices, income, and public policy
_cAllen C L; Bucha J M And Others
260 _aNY
_bNY, McGraw-Hill
_c1959
300 _a487p
942 _cTB
_hX J9
999 _c1271778
_d1271778